000 00940nam a2200217Ii 4500
003 JO-AjNU
008 230605s9999||||xx |||||||||||||| ||und||
017 _a2012/3/1619
020 _a978-9957-67-877-7
040 _aJO-AjNU
_bara
_erda
_cJO-AjNU
041 _aara
050 1 4 _aPN466.S94 2021
100 3 _aدراسة واعداد الصويركي، محمد علي,
_eauthor
_963328
245 0 0 _aالشاعر ميلياغروس بن يوكراتيس ابن مدينة جدارا (ام قيس) امير شعراء سوريا في العصر الهيلينسي اليوناني
264 3 1 _aعمان: ركاز للنشر والتوزيع، 2021
300 _a174ص
336 _atext
_btxt
_2rdacontent
337 _aunmediated
_bn
_2rdamedia
338 _avolume
_bnc
_2rdacarrier
650 4 _aالتراجم-الشعراء-اليونانيون-العصرالهلنستي146-323ق.م-تاريخ اليونان القديم
_963329
999 _aA28719
_c32287
_d32287